|
|
|
|
| LEADER |
01039nam a22002417a 4500 |
| 001 |
AAL4469 |
| 003 |
BD-DhAAL |
| 005 |
20160301123430.0 |
| 008 |
160301s 1995bg a|||| |||| 00| 0 ben d |
| 020 |
|
|
|a 9840732765
|
| 040 |
|
|
|a BD-DhAAL
|c BD-DhAAL
|
| 082 |
|
|
|a 551.46
|
| 100 |
|
|
|a মৃধা, শহীদুল্লাহ
|9 18268
|
| 245 |
|
|
|a বঙ্গোপসাগরঃ জীব-সমুদ্রবিজ্ঞান ও সমুদ্র সম্পদ /
|c শহীদুল্লাহ মৃধা
|n দ্বিতীয় খন্ড
|
| 250 |
|
|
|a 1st ed.
|
| 260 |
|
|
|a ঢাকা :
|b বাংলা একাডেমী,
|c ১৯৯৫
|
| 300 |
|
|
|a ২৬০ পৃ. :
|b চিত্র ;
|c ২৪ সে.মি.
|
| 541 |
|
|
|e 4469
|
| 650 |
|
|
|a Oceanography
|9 18269
|
| 852 |
|
|
|a Savar Campus Library
|c General Stacks
|
| 942 |
|
|
|2 ddc
|c BK
|
| 999 |
|
|
|c 36972
|d 36972
|
| 952 |
|
|
|0 0
|1 0
|2 ddc
|4 0
|6 551_460000000000000_MRI
|7 0
|9 58227
|a SCL
|b SCL
|c GEN
|d 2016-03-01
|g 140.00
|l 0
|o 551.46 MRI
|p 3020004469
|r 2016-03-01
|t 1
|w 2016-03-01
|y BK
|